Celebrities as Kids Quiz Stats

 Plays Quiz Updated Nov 24, 2018

Also try: Kid Presidents
Challenge
Share
Tweet
Score 0/20 Timer 06:00
5 Plays Today
% Correct
Michael Jackson
91.5%
Daniel Radcliffe
86.1%
Justin Timberlake
78%
Emma Watson
73.1%
Rihanna
72.2%
Britney Spears
71.3%
Brad Pitt
70.1%
Beyoncé
69.7%
Taylor Swift
58.7%
Ashton Kutcher
57.3%
% Correct
Bruno Mars
54.5%
LeBron James
53.6%
Ellen DeGeneres
49.9%
Kanye West
48.7%
Drake
43.4%
Channing Tatum
41.1%
Wayne Gretzky
30.2%
Eminem
29%
Jim Carrey
23.3%
Justin Bieber
21.2%

You're not logged in!

Compare scores with friends on all Sporcle quizzes.
OR
Log In

You Might Also Like...

Show Comments

Extras

Top Quizzes Today


Score Distribution

Your Account Isn't Verified!

In order to create a playlist on Sporcle, you need to verify the email address you used during registration. Go to your Sporcle Settings to finish the process.

Report this User

Report this user for behavior that violates our Community Guidelines.

Details: